000 00851nam a2200277 i 4500
001 bg
100 1 _aPescio, Claudio.
245 0 _aBrunelleschi /
_c[tekst Claudio Pescio ; tł. Małgorzata Borkowska].
260 _aWarszawa :
_bRzeczpospolita ;
_bHPS,
_c2006.
300 _a142, [8] s. :
_bil. ;
_c26 cm.
490 1 _aKlasycy Sztuki ;
_v39
600 0 _aBrunelleschi, Filippo
_d(ca 1377-1446)
_xtwórczość
650 0 _aArchitektura włoska
_xhistoria
_y14-15 w.
650 0 _aSztuka włoska
_xhistoria
_y14-15 w.
700 0 1 _aBorkowska, Hanna.
_eTł.
830 _aKlasycy Sztuki ;
020 _a9788360688137
020 _a8360688133
040 _cBPK
041 1 _apol
_hita
080 _a72/75.071"13/14"A/Z
920 _a978-83-60688-13-7
920 _a83-60688-13-3
942 _cKS
008 s pl f |000 0 pol
999 _c53756
_d53756
856 _uhttp://koha.tu.koszalin.pl/cgi-bin/koha/opac-detail.pl?biblionumber=53756
_yKatalog online BPK